Iran-visa - Statistics

Yleistilastot
  • Tätä visaa on pelattu 405 kertaa
  • Keskiarvotulos 10 / 20
Vastaustilastot
Vihje Vastaus % Oikein
Pääkaupunki Teheran
93%
Tärkein vientituote Öljy
87%
Valtio, jota vastaan Iran taisteli vuosina 1980-1988 Irak
86%
Virallinen kieli Persia
79%
Virallinen islamin suuntaus Šiialaisuus
78%
Meri, joka sijaitsee Iranista pohjoiseen {Kaspian}meri
76%
Iran on ainoa ei-afrikkalainen valtio, jossa tällä suurella kissaeläimellä on kotoperäinen populaatio Gepardi
58%
Kansallisurheilulaji Vapaapaini
48%
Yllä olevan uskonnollinen titteli Ajatollah
47%
Iranin valuutta Rial
45%
Vuonna 1979 syrjäytetyn Iranin johtajan titteli Šaahi
43%
Nimi, jota yllä oleva johtaja käytti Yhdysvalloista Suuri {Saatana}
43%
Vuoden 1979 vallankumouksen johtaja Ruhollah Khomeini
35%
Muinaisen Persian kuninkaat, joita kutsuttiin "Suuriksi" Kyyros
28%
Muinaisen Persian kuninkaat, joita kutsuttiin "Suuriksi" Dareios
26%
Persianlahden ja Omaninlahden välissä sijaitseva salmi {Hormuzin}salmi
25%
Profeetta, jota kutsutaan myös Zoroasteriksi Zarathustra
22%
Suurin osa Iranista sijaitsee tällä alueella Iranin {ylänkö}
21%
Muinaisen Persian kuninkaat, joita kutsuttiin "Suuriksi" Kserkses
21%
Vuoristo, jonka nimi alkaa kirjaimella Z {Zagros}vuoret
16%
Ehtoja vastaavia visoja ei löytynyt
Tulosjakauma
Jokaisen tuloksen saaneiden osuus
Persentiili vastausten määrän mukaan
Tuloshistoriasi
Et ole pelannut tätä visaa